Normas legales para la protección de los trabajadores migrantes /

El presente artículo ofrece una síntesis de los instrumentos y normas internacionales pertinentes que protegen los derechos de los trabajadores migrantes, tanto en el plano universal como regional. En el campo del derecho internacional, los derechos de los trabajadores migrantes emanan de varias fue...

Fuld beskrivelse

Guardado en:
Bibliografiske detaljer
Hovedforfatter: Perruchoud, Richard
Format: Texto
Fag:
Tags: Tilføj Tag
Ingen Tags, Vær først til at tagge denne postø!

MARC

LEADER 00000 a a2200000 04500
001 10338
003
040
100 |a Perruchoud, Richard  
245 |a Normas legales para la protección de los trabajadores migrantes /  |c Richard Perruchoud 
520 |a El presente artículo ofrece una síntesis de los instrumentos y normas internacionales pertinentes que protegen los derechos de los trabajadores migrantes, tanto en el plano universal como regional. En el campo del derecho internacional, los derechos de los trabajadores migrantes emanan de varias fuentes. Hay varios tratados cuyas disposiciones son aplicables a todos los seres humanos, y por lo tanto también a los trabajadores migrantes, y otras que están específicamente destiandas a ellos con prescindencia de su situación legal o duración de la permanencia. Además, muchos de los derechos aplicables son parte del derecho consuetudinario, y todos los Estados deben observarlos  
650 |a MIGRACION INTERNACIONAL  
650 |a TRABAJADORES EXTRANJEROS  
650 |a DERECHO DEL TRABAJO  
650 |a DERECHOS HUMANOS  
773 |g volumen 28, número 73; páginas 273-303  
999 |c 28947  |d 28947